Statistics for Countries That Have 2 or More Bear Species

Click here to take the quiz!

General Stats

  • This quiz has been taken 142 times
    (141 since last reset)
  • The average score is 10 of 12

Answer Stats

BearAnswer% Correct
PandaChina
100%
Brown bearUnited States
98%
Polar bearCanada
97%
Russia
93%
Sun bearIndia
91%
Japan
76%
American
black bear
Norway
76%
Pakistan
74%
Asian
black bear
Iran
70%
Sloth bearAfghanistan
63%
Bangladesh
60%
North Korea
54%

Score Distribution

Percentile by Number Answered

Percent of People with Each Score

Your Score History

You have not taken this quiz since the last reset